Xây dưng đất nước phồn vinh theo di chúc của chủ tịch Hồ Chí Minh
Cuốn sách xây dưng đất nước phồn vinh theo di chúc của chủ tịch Hồ Chí Minh trên cơ sở khảo cứu quá trình Bác viết Di chúc với tinh thần ung dung, lạc quan, thư thái - tác giả tập trung phân tích Di chúc như một quốc bảo xây dựng đất nước đ...
Đã lưu trong:
| 主要作者: | |
|---|---|
| 格式: | 圖書 |
| 語言: | Vietnamese |
| 出版: |
Tp Hồ Chí Minh
Tổng hợp Tp Hồ Chí Minh
2019
|
| 主題: | |
| 標簽: |
添加標簽
沒有標簽, 成為第一個標記此記錄!
|
| Thư viện lưu trữ: | Thư viện Trường Đại học Nam Cần Thơ |
|---|
| LEADER | 02373nam a22002417a 4500 | ||
|---|---|---|---|
| 001 | NCT_72948 | ||
| 008 | 191216b xxu||||| |||| 00| 0 vie d | ||
| 999 | |c 3554 |d 3554 | ||
| 020 | |a 9786045891964 |c 72000 | ||
| 082 | 0 | 4 | |2 23rd ed. |a 335.4346 |b Ph431 |
| 100 | 1 | |a Bùi Đình Phong | |
| 245 | 1 | 0 | |a Xây dưng đất nước phồn vinh theo di chúc của chủ tịch Hồ Chí Minh |c Bùi Đình Phong |
| 260 | |a Tp Hồ Chí Minh |b Tổng hợp Tp Hồ Chí Minh |c 2019 | ||
| 300 | |a 255 tr. |c 21cm | ||
| 520 | 3 | |a Cuốn sách xây dưng đất nước phồn vinh theo di chúc của chủ tịch Hồ Chí Minh trên cơ sở khảo cứu quá trình Bác viết Di chúc với tinh thần ung dung, lạc quan, thư thái - tác giả tập trung phân tích Di chúc như một quốc bảo xây dựng đất nước đàng hoàng hơn, to đẹp hơn sau khi cuộc kháng chiến chống Mỹ cứu nước thắng lợi, mang sinh khí của công cuộc đổi mới. Đó là một kế hoạch sẵn sàng, rõ ràng, chu đáo về các nội dung chính trị, kinh tế, văn hóa, xã hội, thể hiện một quyết tâm và niềm tin trong cuộc chiến đấu khổng lồ chống lại những gì đã cũ kỹ, hư hỏng, để tạo ra những cái mới mẻ, tốt tươi. | |
| 653 | |a Kinh tế chính trị | ||
| 942 | |2 ddc |c BK | ||
| 952 | |0 0 |1 0 |2 ddc |4 0 |6 335_434600000000000_PH431 |7 0 |9 18391 |a 000001 |b 000001 |d 2019-12-16 |o 335.4346 Ph431 |p MD.16228 |r 2019-12-16 |v 72000.00 |w 2019-12-16 |y BK | ||
| 952 | |0 0 |1 0 |2 ddc |4 0 |6 335_434600000000000_PH431 |7 0 |9 18392 |a 000001 |b 000001 |d 2019-12-16 |o 335.4346 Ph431 |p MD.16229 |r 2019-12-16 |v 72000.00 |w 2019-12-16 |y BK | ||
| 952 | |0 0 |1 0 |2 ddc |4 0 |6 335_434600000000000_PH431 |7 0 |9 18393 |a 000001 |b 000001 |d 2019-12-16 |o 335.4346 Ph431 |p MD.16230 |r 2019-12-16 |v 72000.00 |w 2019-12-16 |y BK | ||
| 952 | |0 0 |1 0 |2 ddc |4 0 |6 335_434600000000000_PH431 |7 0 |9 18394 |a 000001 |b 000001 |d 2019-12-16 |o 335.4346 Ph431 |p MD.16231 |r 2019-12-16 |v 72000.00 |w 2019-12-16 |y BK | ||
| 952 | |0 0 |1 0 |2 ddc |4 0 |6 335_434600000000000_PH431 |7 0 |9 18395 |a 000001 |b 000001 |d 2019-12-16 |o 335.4346 Ph431 |p MD.16232 |r 2019-12-16 |v 72000.00 |w 2019-12-16 |y BK | ||
| 980 | |a Thư viện Trường Đại học Nam Cần Thơ | ||


